Para matar la muerte / (Record no. 141361)

MARC details
000 -LEADER
campo de control de longitud fija 00553nam a2200169 i 4500
001 - NÚMERO DE CONTROL
campo de control 141361
003 - IDENTIFICADOR DE NÚMERO DE CONTROL
campo de control ES-MaACL
005 - FECHA Y HORA DE LA ÚLTIMA TRANSACCIÓN
campo de control 20230906200258.0
007 - CAMPO FIJO DE DESCRIPCIÓN FÍSICA--INFORMACIÓN GENERAL
campo de control de longitud fija t|
008 - DATOS DE LONGITUD FIJA--INFORMACIÓN GENERAL
campo de control de longitud fija 070921s1986 py ||||1| spa d
100 1# - ENTRADA PRINCIPAL--NOMBRE DE PERSONA
Nombre de persona Viviano Hidalgo, Antonio.
9 (RLIN) 115601
245 10 - MENCIÓN DEL TÍTULO
Título Para matar la muerte /
Mención de responsabilidad, etc. Antonio Viviano Hidalgo ; [prólogo por Delfín Leocadio Garasa].
260 ## - PUBLICACIÓN, DISTRIBUCIÓN, ETC.
Lugar de publicación, distribución, etc. Montevido :
Nombre del editor, distribuidor, etc. Banda Oriental,
Fecha de publicación, distribución, etc. [1986]
300 ## - DESCRIPCIÓN FÍSICA
Extensión 46 p. ;
Dimensiones 19 cm.
700 1# - ENTRADA AGREGADA--NOMBRE PERSONAL
Nombre de persona Garasa, Delfín Leocadio.
9 (RLIN) 53917
852 ## - LOCALIZACIÓN
Ubicación ES-MaACL
Número de control de estantería 2144-F-4
condición física . - Ded. autógr. del autor
Holdings
Estatus retirado Estado de pérdida Estado de daño No para préstamo Colección Biblioteca de origen Biblioteca actual Ubicación en estantería Fecha de adquisición Fuente de adquisición Total de préstamos Signatura topográfica completa Código de barras Visto por última vez Precio de reemplazo Tipo de ítem Koha
        Colección de folletos Biblioteca del Ateneo de Madrid Biblioteca del Ateneo de Madrid Depósito folletos 17/01/2008     2144-F-4 1147088 23/02/2023 23/02/2023 Folleto